00176nam a2200061Ia 4500245001700000100005600017008004100073 0aMagnum opus  a GOUWS, Etheresia Pretoria, 1992 Grootdrukuitg 210825s9999 xx 000 0 und d